The Spider-Man Project - Statistics

General Stats
  • This quiz has been taken 20 times
    10 since last reset
  • The average score is 33 of 58
Answer Stats
Picture Answer % Correct
Carnage
100%
Doctor Octopus
100%
Electro
100%
Green Goblin
100%
Juggernaut
100%
Kingpin
100%
Kraven the Hunter
100%
Mr. Negative
100%
Mysterio
100%
Rhino
100%
Sand Man
100%
Shocker
100%
Spot
100%
Tombstone
100%
Venom
100%
Vulture
100%
Hammerhead
88%
Hydro Man
88%
Scorpion
88%
Beetle
75%
Molten Man
75%
Iron Patriot
63%
Jack O' Lantern
63%
Alistair Smythe
50%
Chameleon
50%
Fancy Dan
50%
Hypno Hustler
50%
Montana
50%
Ox
50%
Rocket Racer
50%
Rose
50%
Silvermane
50%
Tinkerer
50%
Big Man
38%
Black Tarantula
38%
Crime Master
38%
Freak
38%
Man Mountain Marko
38%
Overdrive
38%
Scourge
38%
Slug
38%
Slyde
38%
Will O' the Wisp
38%
Looter
25%
Ruby Thursday
25%
Sam Bullit
25%
Shadrac
25%
Sin-Eater
25%
The Answer
25%
Black Fox
13%
Blank
13%
Charles Shaddock
13%
Death Stalker
13%
Facade
13%
Jonas Harrow
13%
Spider Mugger
13%
Stone
13%
Styx
13%
No matching quizzes found
Score Distribution
Percent of People with Each Score
Percentile by Number Answered
Your Score History
You have not taken this quiz since the last reset